00874nam a22002417a 4500001000500000005001700005020001500022040002300037050001400060082000800074100001500082245006500097250005700162260003500219300004500254505000800299520019400307521002000501521002000521650003600541650003100577650002400608373520250218094140.0 a0590483366 aDLCcDLCdDLCbeng00aPZ7.S724200aFic1 aSoto, Gary10aSummer on wheels /cGary SotobA road trip like no other ... aFirst Scholastic paperback printing , Februrary 1999 aNew York :bScholastic,c1995  a163 pages : c20 cm . billustrations ;  aS  aHector and his best friend Mondo enjoy many exciting adventures when they take a six-day bike trip from their East Los Angeles neighborhood to the Santa Monica beach during summer vacation. a750 bLexile  aS bRaz-Plus  1aBicycles and bicyclingxFiction 1aMexican AmericansxFiction 1aFriendshipxFiction